[Event "Holanda ch 2008"]
[Site "Hilversum NED"]
[Date "2008.04.02"]
[Round "1.3"]
[White "Ernst, Sipke"]
[Black "L'Ami, Erwin"]
[Result "1/2-1/2"]
[WhiteElo "2559"]
[BlackElo "2600"]
[PlyCount "47"]
[EventDate "2008.04.02"]
[EventType "tourn"]
[EventRounds "11"]
[EventCountry "NED"]
[EventCategory "12"]
[Source "lmi"]
[SourceDate "2008.04.02"]

1. d4 d5 2. c4 c6 3. Nf3 Nf6 4. e3 Bg4 5. h3 Bxf3 6. Qxf3 e6 7. Nc3 Nbd7 8. Bd3
Bb4 9. Bd2 O-O 10. a3 Ba5 11. b4 Bc7 12. cxd5 cxd5 13. O-O Nb6 14. e4 dxe4 15.
Nxe4 Nxe4 16. Qxe4 g6 17. Bh6 Qd6 18. g3 Rfb8 19. Rac1 Nd5 20. Bc4 Bb6 21. Qe5
Qxe5 22. dxe5 Ne7 23. Rfd1 Nf5 24. Bf4 1/2-1/2

[Event "Holanda ch 2008"]
[Site "Hilversum NED"]
[Date "2008.04.02"]
[Round "1.4"]
[White "Visser, Yge"]
[Black "Janssen, Ruud"]
[Result "1-0"]
[WhiteElo "2477"]
[BlackElo "2504"]
[PlyCount "99"]
[EventDate "2008.04.02"]
[EventType "tourn"]
[EventRounds "11"]
[EventCountry "NED"]
[EventCategory "12"]
[Source "lmi"]
[SourceDate "2008.04.02"]

1. e4 e5 2. Bc4 Nf6 3. d3 Nc6 4. Nf3 Bc5 5. O-O d6 6. c3 O-O 7. Bb3 a6 8. Be3
Bxe3 9. fxe3 Na5 10. Bc2 Ng4 11. Qe2 f5 12. exf5 Bxf5 13. h3 Nh6 14. Nbd2 c5
15. Rf2 Qe7 16. Raf1 b5 17. b4 cxb4 18. cxb4 Rac8 19. Qd1 Nc6 20. a3 Bg6 21.
Bb3+ Kh8 22. Ne4 Nf5 23. Qe2 Nh6 24. Nfg5 Rxf2 25. Qxf2 Nb8 26. Be6 Re8 27. Qa2
Nd7 28. Bf7 Rf8 29. Bxg6 Rxf1+ 30. Kxf1 hxg6 31. Qd5 Nf6 32. Qxd6 Qxd6 33. Nxd6
Kg8 34. g4 Kf8 35. Nge4 Nd5 36. Ke2 Nf7 37. Nb7 Ke7 38. Nbc5 Nc7 39. h4 Nd6 40.
Kf3 Nde8 41. g5 Nd6 42. Nxd6 Kxd6 43. e4 Ke7 44. Kg4 Ke8 45. h5 gxh5+ 46. Kxh5
Kf7 47. Nd7 Ke6 48. Nb8 Kf7 49. Nc6 Ke6 50. Kg6 1-0

[Event "Holanda ch 2008"]
[Site "Hilversum NED"]
[Date "2008.04.02"]
[Round "1.5"]
[White "Brandenburg, Daan"]
[Black "Nijboer, Friso"]
[Result "0-1"]
[WhiteElo "2435"]
[BlackElo "2558"]
[PlyCount "94"]
[EventDate "2008.04.02"]
[EventType "tourn"]
[EventRounds "11"]
[EventCountry "NED"]
[EventCategory "12"]
[Source "lmi"]
[SourceDate "2008.04.02"]

1. e4 e5 2. Nf3 Nc6 3. Bb5 a6 4. Bxc6 dxc6 5. O-O Bd6 6. d4 exd4 7. Qxd4 f6 8.
Be3 Ne7 9. Nbd2 Be6 10. Rfd1 Ng6 11. Nc4 Bxc4 12. Qxc4 Qe7 13. Rd4 Qf7 14. Nd2
Ne5 15. Qxf7+ Kxf7 16. Nc4 Nxc4 17. Rxc4 Rhe8 18. Rd1 Re6 19. f3 f5 20. Bc5
fxe4 21. Bxd6 cxd6 22. Rxe4 Rxe4 23. fxe4 Ke6 24. Rf1 a5 25. Rf3 a4 26. Kf2 Ra5
27. Ke3 Rh5 28. h3 Rc5 29. Kd3 Rg5 30. g4 h5 31. gxh5 Rxh5 32. Rg3 Kf6 33. Rf3+
Ke5 34. Rg3 b5 35. b3 a3 36. Kc3 c5 37. b4 c4 38. Kd2 Kd4 39. Rxa3 Rg5 40. Ra6
c3+ 41. Ke2 Rg2+ 42. Kf3 Rxc2 43. Rxd6+ Kc4 44. a3 Rh2 45. e5 c2 46. e6 Rh1 47.
e7 Re1 0-1

[Event "Holanda ch 2008"]
[Site "Hilversum NED"]
[Date "2008.04.02"]
[Round "1.6"]
[White "Smeets, Jan"]
[Black "Reinderman, Dimitri"]
[Result "1/2-1/2"]
[WhiteElo "2578"]
[BlackElo "2526"]
[PlyCount "55"]
[EventDate "2008.04.02"]
[EventType "tourn"]
[EventRounds "11"]
[EventCountry "NED"]
[EventCategory "12"]
[Source "lmi"]
[SourceDate "2008.04.02"]

1. e4 e5 2. Nf3 Nc6 3. Bb5 a6 4. Ba4 Nf6 5. O-O Nxe4 6. d4 b5 7. Bb3 d5 8. dxe5
Be6 9. Nbd2 Nc5 10. c3 d4 11. Ng5 Qxg5 12. Qf3 O-O-O 13. Bxe6+ fxe6 14. Qxc6
Qxe5 15. b4 Qd5 16. Qxd5 exd5 17. bxc5 dxc3 18. Nb3 d4 19. Ba3 g6 20. Bb4 Bg7
21. c6 d3 22. a4 d2 23. axb5 Kb8 24. Bc5 c2 25. Rxa6 d1=Q 26. Ba7+ Kc8 27. Bd4
Kb8 28. Ba7+ 1/2-1/2

[Event "Holanda ch 2008"]
[Site "Hilversum NED"]
[Date "2008.04.03"]
[Round "2.1"]
[White "Stellwagen, Daniel"]
[Black "Reinderman, Dimitri"]
[Result "1/2-1/2"]
[WhiteElo "2621"]
[BlackElo "2526"]
[PlyCount "49"]
[EventDate "2008.04.02"]
[EventType "tourn"]
[EventRounds "11"]
[EventCountry "NED"]
[EventCategory "12"]
[Source "lmi"]
[SourceDate "2008.04.02"]

1. e4 c5 2. Nf3 d6 3. d4 cxd4 4. Nxd4 Nf6 5. Nc3 g6 6. Be3 Bg7 7. f3 O-O 8. Qd2
Nc6 9. Bc4 Bd7 10. O-O-O Rb8 11. Bb3 Na5 12. h4 b5 13. Kb1 Nc4 14. Bxc4 bxc4
15. Ka1 Re8 16. g4 Qa5 17. h5 Rb6 18. Nde2 Ra6 19. h6 Bh8 20. g5 Nh5 21. Bd4 e5
22. Be3 Rb8 23. Qe1 Nf4 24. Bc1 Be6 25. a3 1/2-1/2

[Event "Holanda ch 2008"]
[Site "Hilversum NED"]
[Date "2008.04.03"]
[Round "2.3"]
[White "Janssen, Ruud"]
[Black "Brandenburg, Daan"]
[Result "1/2-1/2"]
[WhiteElo "2504"]
[BlackElo "2435"]
[PlyCount "40"]
[EventDate "2008.04.02"]
[EventType "tourn"]
[EventRounds "11"]
[EventCountry "NED"]
[EventCategory "12"]
[Source "lmi"]
[SourceDate "2008.04.02"]

1. c4 e5 2. Nc3 Nc6 3. Nf3 g6 4. d4 exd4 5. Nxd4 Bg7 6. Nxc6 dxc6 7. Qxd8+ Kxd8
8. Bg5+ Ke8 9. O-O-O Be6 10. e4 Nf6 11. h3 Nd7 12. Nd5 Be5 13. Be3 f6 14. f4
Bd6 15. Nc3 Bc5 16. Bxc5 Nxc5 17. Be2 a5 18. b3 Ke7 19. Bg4 Bf7 20. h4 Rhd8
1/2-1/2

[Event "Holanda ch 2008"]
[Site "Hilversum NED"]
[Date "2008.04.03"]
[Round "2.4"]
[White "L'Ami, Erwin"]
[Black "Visser, Yge"]
[Result "1/2-1/2"]
[WhiteElo "2600"]
[BlackElo "2477"]
[PlyCount "69"]
[EventDate "2008.04.02"]
[EventType "tourn"]
[EventRounds "11"]
[EventCountry "NED"]
[EventCategory "12"]
[Source "lmi"]
[SourceDate "2008.04.02"]

1. e4 e6 2. d4 d5 3. Nc3 Nf6 4. Bd3 Nc6 5. Nf3 Bb4 6. e5 Ne4 7. O-O Nxc3 8.
bxc3 Bxc3 9. Rb1 Bd7 10. Rxb7 Nxd4 11. Bf4 Bc6 12. Rb1 Qd7 13. Bxh7 Nxf3+ 14.
Qxf3 Rxh7 15. Qxc3 d4 16. Qd3 Rh4 17. Bg3 Rh5 18. Rfd1 Qd5 19. f3 Rd8 20. Rb4
Qxa2 21. Rxd4 Rxd4 22. Qxd4 Qd5 23. Qxd5 Bxd5 24. Ra1 Kd7 25. Rxa7 Rh8 26. Ra4
Ra8 27. Rg4 Ra1+ 28. Kf2 g6 29. c4 Ra2+ 30. Ke3 Bb7 31. Bh4 Ba6 32. Kd4 Kc6 33.
Bf6 Rc2 34. Kd3 Rxc4 35. Rxc4+ 1/2-1/2

[Event "Holanda ch 2008"]
[Site "Hilversum NED"]
[Date "2008.04.03"]
[Round "2.5"]
[White "De Jong, Jan-Willem"]
[Black "Ernst, Sipke"]
[Result "1/2-1/2"]
[WhiteElo "2474"]
[BlackElo "2559"]
[PlyCount "37"]
[EventDate "2008.04.02"]
[EventType "tourn"]
[EventRounds "11"]
[EventCountry "NED"]
[EventCategory "12"]
[Source "lmi"]
[SourceDate "2008.04.02"]

1. d4 Nf6 2. c4 e6 3. Nc3 Bb4 4. f3 c5 5. d5 d6 6. e4 O-O 7. Nge2 b5 8. Ng3 Bb7
9. a3 Ba5 10. b4 cxb4 11. Nxb5 exd5 12. cxd5 Re8 13. Be2 bxa3+ 14. Bd2 Bb6 15.
Nf5 Bc5 16. Be3 Bb4+ 17. Bd2 Bc5 18. Be3 Bb4+ 19. Bd2 1/2-1/2

[Event "Holanda ch 2008"]
[Site "Hilversum NED"]
[Date "2008.04.03"]
[Round "2.6"]
[White "Tiviakov, Sergei"]
[Black "Bosboom, Manuel"]
[Result "1-0"]
[WhiteElo "2634"]
[BlackElo "2471"]
[PlyCount "67"]
[EventDate "2008.04.02"]
[EventType "tourn"]
[EventRounds "11"]
[EventCountry "NED"]
[EventCategory "12"]
[Source "lmi"]
[SourceDate "2008.04.02"]

1. e4 e5 2. Bc4 Nf6 3. d3 c6 4. Nf3 Be7 5. O-O Qc7 6. Re1 O-O 7. Bb3 a5 8. c3
b5 9. a4 Na6 10. d4 d6 11. Nbd2 Rb8 12. Nf1 b4 13. Ng3 bxc3 14. bxc3 exd4 15.
Nxd4 Nc5 16. Ba2 g6 17. Bf4 Rb2 18. e5 dxe5 19. Bxe5 Qb7 20. h3 Be6 21. Nxe6
fxe6 22. Re2 Nd5 23. Bd4 Nf4 24. Rxb2 Qxb2 25. Bc4 Qb8 26. Qe1 Nd5 27. Bxc5
Bxc5 28. Qxe6+ Kh8 29. Ne4 Nf4 30. Qxc6 Ba7 31. Rf1 Qe5 32. Qd6 Qg7 33. Rb1 h6
34. Rb7 1-0

[Event "Holanda ch 2008"]
[Site "Hilversum NED"]
[Date "2008.04.04"]
[Round "3.3"]
[White "Visser, Yge"]
[Black "De Jong, Jan-Willem"]
[Result "1/2-1/2"]
[WhiteElo "2477"]
[BlackElo "2474"]
[PlyCount "136"]
[EventDate "2008.04.02"]
[EventType "tourn"]
[EventRounds "11"]
[EventCountry "NED"]
[EventCategory "12"]
[Source "lmi"]
[SourceDate "2008.04.02"]

1. Nf3 Nf6 2. g3 g6 3. Bg2 Bg7 4. O-O O-O 5. a3 d5 6. d3 a5 7. Nc3 d4 8. Nb5
Nc6 9. c3 e5 10. cxd4 Nxd4 11. Nbxd4 exd4 12. Bd2 c6 13. Qc1 Re8 14. Re1 Be6
15. Bh6 Bh8 16. Bg5 Qb6 17. Bf4 c5 18. Ne5 Nh5 19. Nc4 Bxc4 20. dxc4 Nxf4 21.
Qxf4 Re7 22. Rab1 Rae8 23. Bd5 Qf6 24. Qd2 b6 25. Qd3 h5 26. b4 axb4 27. axb4
Bg7 28. bxc5 bxc5 29. Rb5 Bf8 30. Qc2 Kg7 31. Rb3 Qe5 32. Rf3 Ra7 33. Kg2 Bd6
34. Qb2 Rb8 35. Rb3 Rxb3 36. Qxb3 h4 37. Qf3 Re7 38. Qa3 Qg5 39. Qa6 Qf6 40.
Qa3 Qf5 41. Qf3 Qxf3+ 42. Kxf3 hxg3 43. hxg3 Ra7 44. Rb1 Be7 45. Rb3 Ra2 46.
Rb7 Kf8 47. Be4 Ra6 48. Bd3 Re6 49. Kg2 Ra6 50. Rb8+ Kg7 51. Re8 Bf8 52. g4 Re6
53. Ra8 Bd6 54. Ra7 Re7 55. Ra6 Bf4 56. Kf3 Bd2 57. Rc6 Bb4 58. g5 Ba3 59. Kg4
Bb4 60. f4 Ba3 61. f5 gxf5+ 62. Kxf5 Bb4 63. Be4 Ba3 64. Kf4 Bc1+ 65. Kf3 Re5
66. g6 fxg6 67. Rxg6+ Kf7 68. Rc6 Ke7 1/2-1/2

[Event "Holanda ch 2008"]
[Site "Hilversum NED"]
[Date "2008.04.04"]
[Round "3.4"]
[White "Brandenburg, Daan"]
[Black "L'Ami, Erwin"]
[Result "0-1"]
[WhiteElo "2435"]
[BlackElo "2600"]
[PlyCount "94"]
[EventDate "2008.04.02"]
[EventType "tourn"]
[EventRounds "11"]
[EventCountry "NED"]
[EventCategory "12"]
[Source "lmi"]
[SourceDate "2008.04.02"]

1. e4 c6 2. d4 d5 3. e5 Bf5 4. Nf3 e6 5. Be2 Nd7 6. O-O h6 7. b3 Ne7 8. c4 Ng6
9. Na3 Nf4 10. Bxf4 Bxa3 11. Qd2 O-O 12. Bd3 Bg6 13. Bxg6 fxg6 14. Bxh6 Rxf3
15. gxf3 gxh6 16. Qxh6 Nf8 17. c5 b6 18. Kh1 Qe7 19. Rg1 Qh7 20. Qe3 Rb8 21.
cxb6 axb6 22. Rg4 Rb7 23. Rag1 Rf7 24. R1g3 Rf5 25. Rg5 Be7 26. Rxf5 exf5 27.
Qc3 c5 28. dxc5 Bxc5 29. Qd2 Qf7 30. b4 Be7 31. f4 Qe6 32. Kg1 Qc6 33. a4 Kf7
34. a5 bxa5 35. bxa5 Ne6 36. a6 Qxa6 37. Qxd5 Qc8 38. Rf3 Qc5 39. Qb3 Qb4 40.
Qd5 Qd4 41. Qb3 Qb4 42. Qd5 Qc5 43. Qb3 Qc1+ 44. Kg2 Qc6 45. Kg3 Kg7 46. Rc3
Bh4+ 47. Kh3 g5 0-1

[Event "Holanda ch 2008"]
[Site "Hilversum NED"]
[Date "2008.04.04"]
[Round "3.5"]
[White "Smeets, Jan"]
[Black "Janssen, Ruud"]
[Result "1-0"]
[WhiteElo "2578"]
[BlackElo "2504"]
[PlyCount "93"]
[EventDate "2008.04.02"]
[EventType "tourn"]
[EventRounds "11"]
[EventCountry "NED"]
[EventCategory "12"]
[Source "lmi"]
[SourceDate "2008.04.02"]

1. e4 e5 2. Nf3 Nc6 3. Nc3 Nf6 4. Bb5 Bb4 5. O-O O-O 6. d3 d6 7. Bg5 Bxc3 8.
bxc3 Qe7 9. Re1 Nd8 10. d4 Ne6 11. Bc1 c5 12. Bf1 Rd8 13. a4 h6 14. g3 Nh7 15.
h4 Qc7 16. Qd3 Bd7 17. d5 Nef8 18. Nh2 Re8 19. c4 Qd8 20. Bb2 g5 21. hxg5 hxg5
22. Be2 Ng6 23. Ng4 Kg7 24. Kg2 Qc8 25. Qf3 Bxg4 26. Qxg4 Qxg4 27. Bxg4 Nf6 28.
Bd1 Nf8 29. Kf3 N8d7 30. a5 Reb8 31. Bc3 b5 32. cxb5 Rxb5 33. Be2 c4 34. g4
Rab8 35. Ke3 Ne8 36. Kd2 Nc7 37. Bxc4 Rc5 38. Bd3 Nf6 39. f3 Nfe8 40. Reb1 Nb5
41. Bb4 Rc7 42. c3 a6 43. Rh1 Rd7 44. Rh5 Kg6 45. Rh8 Rdd8 46. Rg8+ Kf6 47. Rh1
1-0

[Event "Holanda ch 2008"]
[Site "Hilversum NED"]
[Date "2008.04.05"]
[Round "4.2"]
[White "Janssen, Ruud"]
[Black "Reinderman, Dimitri"]
[Result "0-1"]
[WhiteElo "2504"]
[BlackElo "2526"]
[PlyCount "90"]
[EventDate "2008.04.02"]
[EventType "tourn"]
[EventRounds "11"]
[EventCountry "NED"]
[EventCategory "12"]
[Source "lmi"]
[SourceDate "2008.04.02"]

1. d4 Nf6 2. c4 g6 3. Nc3 Bg7 4. e4 d6 5. h3 O-O 6. Bg5 Na6 7. Bd3 e5 8. d5 Qe8
9. Nge2 Nd7 10. a3 f5 11. b4 f4 12. f3 Bf6 13. Bxf6 Rxf6 14. Qa4 Qe7 15. Nd1
Nab8 16. Nf2 Rf7 17. c5 dxc5 18. d6 cxd6 19. Bc4 Nb6 20. Bxf7+ Kxf7 21. Qc2 Be6
22. bxc5 dxc5 23. Nc3 Nc6 24. Nd5 Nd4 25. Qa2 Qd6 26. O-O Nxd5 27. exd5 Bxd5
28. Qb2 Re8 29. Rfe1 b6 30. Rad1 h6 31. Qc3 g5 32. Kh1 h5 33. Kg1 Qg6 34. Rd2
Qc6 35. Nd3 Kf6 36. Nf2 Re6 37. Qd3 Kg7 38. Qc3 Qb5 39. Nd3 Kf6 40. Nf2 Qb3 41.
Qc1 Qb5 42. Qc3 Qc4 43. Qb2 Bxf3 44. Rxd4 Qxd4 45. Qc2 g4 0-1

[Event "Holanda ch 2008"]
[Site "Hilversum NED"]
[Date "2008.04.05"]
[Round "4.3"]
[White "L'Ami, Erwin"]
[Black "Smeets, Jan"]
[Result "1/2-1/2"]
[WhiteElo "2600"]
[BlackElo "2578"]
[PlyCount "57"]
[EventDate "2008.04.02"]
[EventType "tourn"]
[EventRounds "11"]
[EventCountry "NED"]
[EventCategory "12"]
[Source "lmi"]
[SourceDate "2008.04.02"]

1. d4 d5 2. c4 c6 3. Nf3 Nf6 4. e3 Bg4 5. h3 Bxf3 6. Qxf3 e6 7. Bd3 Bb4+ 8. Nd2
dxc4 9. Bxc4 O-O 10. O-O Nbd7 11. a3 Bd6 12. b4 a6 13. Bb3 Qe7 14. Nc4 Bc7 15.
Bb2 e5 16. Qf5 Rae8 17. Na5 Rb8 18. Rac1 exd4 19. Bxd4 Be5 20. Rfd1 Rfe8 21.
Bxe5 Nxe5 22. Rd4 Qc7 23. Rcd1 Re7 24. Qc2 Rbe8 25. Nc4 Nxc4 26. Qxc4 g6 27.
Qd3 Qe5 28. Rd8 a5 29. Qd4 1/2-1/2

[Event "Holanda ch 2008"]
[Site "Hilversum NED"]
[Date "2008.04.06"]
[Round "5.1"]
[White "Ernst, Sipke"]
[Black "Stellwagen, Daniel"]
[Result "1/2-1/2"]
[WhiteElo "2559"]
[BlackElo "2621"]
[PlyCount "68"]
[EventDate "2008.04.02"]
[EventType "tourn"]
[EventRounds "11"]
[EventCountry "NED"]
[EventCategory "12"]
[Source "lmi"]
[SourceDate "2008.04.02"]

1. d4 d5 2. c4 c6 3. Nf3 Nf6 4. e3 Bg4 5. h3 Bxf3 6. Qxf3 e6 7. Bd3 Nbd7 8. Nc3
Bd6 9. Bd2 O-O 10. cxd5 exd5 11. g4 Bb4 12. g5 Ne8 13. h4 Nd6 14. O-O-O Qe7 15.
Qg2 f5 16. gxf6 Nxf6 17. Rdg1 Rf7 18. Rh3 Bxc3 19. Bxc3 Nfe4 20. Be1 Nf5 21.
Kb1 Re8 22. h5 b6 23. Qg4 Qe6 24. Bc2 c5 25. dxc5 bxc5 26. Rf3 Nfd6 27. Rxf7
Qxg4 28. Rxg4 Kxf7 29. Rf4+ Kg8 30. Bd1 Rf8 31. Rxf8+ Kxf8 32. b4 c4 33. a4 Ke7
34. Kc2 Nf5 1/2-1/2

[Event "Holanda ch 2008"]
[Site "Hilversum NED"]
[Date "2008.04.06"]
[Round "5.3"]
[White "Brandenburg, Daan"]
[Black "Tiviakov, Sergei"]
[Result "1/2-1/2"]
[WhiteElo "2435"]
[BlackElo "2634"]
[PlyCount "47"]
[EventDate "2008.04.02"]
[EventType "tourn"]
[EventRounds "11"]
[EventCountry "NED"]
[EventCategory "12"]
[Source "lmi"]
[SourceDate "2008.04.02"]

1. e4 d5 2. exd5 Qxd5 3. Nf3 Bg4 4. Be2 Nc6 5. d4 O-O-O 6. c4 Qa5+ 7. Bd2 Qf5
8. Be3 Bxf3 9. Bxf3 Nxd4 10. Bxd4 Qe6+ 11. Be2 Qe4 12. O-O Qxd4 13. Qa4 e6 14.
Nc3 Qb6 15. Rad1 Rxd1 16. Rxd1 Nf6 17. b4 Bxb4 18. Rb1 a5 19. a3 Bxc3 20. Rxb6
cxb6 21. c5 bxc5 22. Ba6 bxa6 23. Qc6+ Kb8 24. Qb6+ 1/2-1/2

[Event "Holanda ch 2008"]
[Site "Hilversum NED"]
[Date "2008.04.06"]
[Round "5.5"]
[White "Reinderman, Dimitri"]
[Black "L'Ami, Erwin"]
[Result "1/2-1/2"]
[WhiteElo "2526"]
[BlackElo "2600"]
[PlyCount "41"]
[EventDate "2008.04.02"]
[EventType "tourn"]
[EventRounds "11"]
[EventCountry "NED"]
[EventCategory "12"]
[Source "lmi"]
[SourceDate "2008.04.02"]

1. c4 Nf6 2. g3 g6 3. Bg2 Bg7 4. Nc3 O-O 5. d3 c6 6. e4 d6 7. Nge2 a6 8. a4 a5
9. h3 Na6 10. Be3 Nb4 11. f4 Nd7 12. d4 e6 13. O-O f5 14. e5 d5 15. cxd5 exd5
16. Na2 Nxa2 17. Rxa2 Nb8 18. Nc1 Na6 19. Nd3 Be6 20. Qd2 Rf7 21. b4 1/2-1/2

[Event "Holanda ch 2008"]
[Site "Hilversum NED"]
[Date "2008.04.07"]
[Round "6.3"]
[White "De Jong, Jan-Willem"]
[Black "Reinderman, Dimitri"]
[Result "1/2-1/2"]
[WhiteElo "2474"]
[BlackElo "2526"]
[PlyCount "47"]
[EventDate "2008.04.02"]
[EventType "tourn"]
[EventRounds "11"]
[EventCountry "NED"]
[EventCategory "12"]
[Source "lmi"]
[SourceDate "2008.04.02"]

1. d4 f5 2. g3 Nf6 3. Bg2 g6 4. Nh3 Bg7 5. Nf4 Nc6 6. d5 Ne5 7. Nc3 c6 8. e4
fxe4 9. Nxe4 Nxe4 10. Bxe4 cxd5 11. Bxd5 e6 12. Bg2 d5 13. O-O O-O 14. Re1 d4
15. h4 Qf6 16. Qe2 Kh8 17. Nd3 Nxd3 18. cxd3 e5 19. f4 Qf7 20. Rf1 Qc7 21. Bd2
Bf5 22. fxe5 Qxe5 23. Qxe5 Bxe5 24. Bf4 1/2-1/2

[Event "Holanda ch 2008"]
[Site "Hilversum NED"]
[Date "2008.04.07"]
[Round "6.5"]
[White "Bosboom, Manuel"]
[Black "Brandenburg, Daan"]
[Result "1/2-1/2"]
[WhiteElo "2471"]
[BlackElo "2435"]
[PlyCount "37"]
[EventDate "2008.04.02"]
[EventType "tourn"]
[EventRounds "11"]
[EventCountry "NED"]
[EventCategory "12"]
[Source "lmi"]
[SourceDate "2008.04.02"]

1. g3 d5 2. Bg2 Nf6 3. d3 c6 4. Nd2 e5 5. Ngf3 Bd6 6. e4 O-O 7. O-O Re8 8. Re1
Na6 9. b3 Nc5 10. exd5 cxd5 11. d4 exd4 12. Rxe8+ Qxe8 13. Nxd4 Bg4 14. N2f3
Qd7 15. Bb2 Rc8 16. Qf1 Nce4 17. Rd1 a6 18. Rd3 Re8 19. Ne2 1/2-1/2

[Event "Holanda ch 2008"]
[Site "Hilversum NED"]
[Date "2008.04.07"]
[Round "6.6"]
[White "Ernst, Sipke"]
[Black "Visser, Yge"]
[Result "1-0"]
[WhiteElo "2559"]
[BlackElo "2477"]
[PlyCount "189"]
[EventDate "2008.04.02"]
[EventType "tourn"]
[EventRounds "11"]
[EventCountry "NED"]
[EventCategory "12"]
[Source "lmi"]
[SourceDate "2008.04.02"]

1. d4 Nf6 2. c4 c5 3. Nf3 cxd4 4. Nxd4 e5 5. Nb5 d5 6. cxd5 Bc5 7. g3 O-O 8.
N5c3 Qb6 9. e3 Bg4 10. Be2 Bh3 11. a3 Rd8 12. Rg1 Bf5 13. g4 Bxb1 14. Rxb1 Qd6
15. b4 Bb6 16. g5 Nxd5 17. Nxd5 Qxd5 18. Qxd5 Rxd5 19. Bf3 Rd7 20. Bb2 Nc6 21.
Rg4 Rad8 22. Rd1 Rxd1+ 23. Bxd1 Rd6 24. Bf3 a6 25. Ke2 Bc7 26. Be4 Kf8 27. Rh4
Bd8 28. Rxh7 Kg8 29. g6 fxg6 30. Rh3 Bf6 31. Bxg6 b5 32. Bh7+ Kf7 33. Be4 a5
34. Bc3 axb4 35. axb4 Ne7 36. Bd2 Nd5 37. Rh8 Bd8 38. Bd3 Nc7 39. Bc3 Bf6 40.
Rc8 Rd7 41. Bf5 Re7 42. Bd2 Ne8 43. Rc6 e4 44. Rb6 g6 45. Bc8 Be5 46. Rxb5 Nd6
47. Rc5 Nxc8 48. Rxc8 Bxh2 49. Rc5 Rc7 50. Rd5 Rc4 51. Kd1 Bc7 52. Rd7+ Ke6 53.
Rg7 Kf6 54. Rg8 Be5 55. Re8 g5 56. Rd8 g4 57. Rd5 Ke6 58. Ra5 Rc8 59. Ra6+ Bd6
60. Be1 Kd5 61. Ra5+ Kc4 62. Ke2 Rg8 63. Ra6 g3 64. fxg3 Bxg3 65. Rc6+ Kd5 66.
Rc5+ Kd6 67. Bc3 Ra8 68. Rc4 Ra2+ 69. Kd1 Be5 70. Bd2 Kd5 71. Rc5+ Kd6 72. Rc8
Kd5 73. Bc1 Ra4 74. Bd2 Ra2 75. Ke1 Ra1+ 76. Ke2 Ra2 77. Rc1 Bd6 78. Rb1 Be5
79. Rc1 Bd6 80. Kd1 Ra4 81. Rb1 Bc7 82. b5 Bb6 83. Rc1 Ra3 84. Rb1 Kc4 85. Ke2
Rb3 86. Rh1 Rxb5 87. Rh4 Re5 88. Be1 Re6 89. Bg3 Bc5 90. Rh5 Ra6 91. Bf4 Ra2+
92. Kf1 Bb4 93. Re5 Kd3 94. Rd5+ Kc2 95. Rd6 1-0

[Event "Holanda ch 2008"]
[Site "Hilversum NED"]
[Date "2008.04.09"]
[Round "7.1"]
[White "Visser, Yge"]
[Black "Stellwagen, Daniel"]
[Result "0-1"]
[WhiteElo "2477"]
[BlackElo "2621"]
[PlyCount "70"]
[EventDate "2008.04.02"]
[EventType "tourn"]
[EventRounds "11"]
[EventCountry "NED"]
[EventCategory "12"]
[Source "lmi"]
[SourceDate "2008.04.02"]

1. e4 c5 2. g3 Nc6 3. Bg2 Nf6 4. Nc3 g6 5. Nge2 Bg7 6. O-O O-O 7. a3 d6 8. Rb1
a5 9. a4 e5 10. d3 Nh5 11. Nd5 f5 12. exf5 gxf5 13. Nec3 Nf6 14. Nxf6+ Qxf6 15.
Nd5 Qf7 16. Nb6 Rb8 17. Nxc8 Rbxc8 18. c3 f4 19. Qf3 Kh8 20. Bd2 Rce8 21. Qd5
Qf6 22. Bf3 Bh6 23. Rbd1 Re7 24. Qe4 Nd8 25. Kg2 Ne6 26. h4 Rg7 27. Kh3 fxg3
28. fxg3 Bxd2 29. Rxd2 Rfg8 30. g4 Qh6 31. Qe1 Ng5+ 32. Kh2 Nxf3+ 33. Rxf3 Rxg4
34. Kh3 Rg1 35. Qf2 Rh1+ 0-1

[Event "Holanda ch 2008"]
[Site "Hilversum NED"]
[Date "2008.04.09"]
[Round "7.2"]
[White "Brandenburg, Daan"]
[Black "Ernst, Sipke"]
[Result "1/2-1/2"]
[WhiteElo "2435"]
[BlackElo "2559"]
[PlyCount "48"]
[EventDate "2008.04.02"]
[EventType "tourn"]
[EventRounds "11"]
[EventCountry "NED"]
[EventCategory "12"]
[Source "lmi"]
[SourceDate "2008.04.02"]

1. e4 e5 2. Nf3 Nc6 3. d4 exd4 4. Nxd4 Nf6 5. Nxc6 bxc6 6. e5 Qe7 7. Qe2 Nd5 8.
c4 Nb6 9. Nc3 Qe6 10. Qe4 g6 11. f4 d5 12. exd6 cxd6 13. Be3 Bg7 14. O-O-O O-O
15. Qxe6 Bxe6 16. Rxd6 Rfe8 17. Bd2 Rac8 18. b3 Bf8 19. Ne4 Nd5 20. Rxe6 Rxe6
21. Ng5 Ba3+ 22. Kb1 Nxf4 23. g3 Rd8 24. Kc2 Rxd2+ 1/2-1/2

[Event "Holanda ch 2008"]
[Site "Hilversum NED"]
[Date "2008.04.09"]
[Round "7.3"]
[White "Smeets, Jan"]
[Black "Bosboom, Manuel"]
[Result "1-0"]
[WhiteElo "2578"]
[BlackElo "2471"]
[PlyCount "81"]
[EventDate "2008.04.02"]
[EventType "tourn"]
[EventRounds "11"]
[EventCountry "NED"]
[EventCategory "12"]
[Source "lmi"]
[SourceDate "2008.04.02"]

1. e4 c5 2. Nf3 a6 3. c4 d6 4. d4 cxd4 5. Nxd4 Nf6 6. Nc3 e6 7. Be2 b6 8. Be3
Bb7 9. f3 Nbd7 10. O-O Be7 11. Rc1 Rc8 12. Qd2 O-O 13. Rc2 Re8 14. Rb1 Bf8 15.
Bf2 Qc7 16. b4 Qb8 17. Na4 Ba8 18. a3 g6 19. Nb3 Bc6 20. Nb2 Qa8 21. Bf1 Red8
22. Rbc1 Qb8 23. a4 Ba8 24. Nd3 Bg7 25. a5 bxa5 26. Nxa5 h5 27. Be3 Kh7 28. c5
dxc5 29. bxc5 Bxe4 30. fxe4 Ng4 31. Bf4 Bd4+ 32. Kh1 e5 33. Bg3 Be3 34. Qe1
Bxc1 35. Rxc1 Re8 36. Rb1 Qc7 37. Rb7 Qd8 38. c6 Ndf6 39. Rxf7+ Kg8 40. Rb7 Qd4
41. h3 1-0

[Event "Holanda ch 2008"]
[Site "Hilversum NED"]
[Date "2008.04.09"]
[Round "7.5"]
[White "Nijboer, Friso"]
[Black "De Jong, Jan-Willem"]
[Result "1-0"]
[WhiteElo "2558"]
[BlackElo "2474"]
[PlyCount "80"]
[EventDate "2008.04.02"]
[EventType "tourn"]
[EventRounds "11"]
[EventCountry "NED"]
[EventCategory "12"]
[Source "lmi"]
[SourceDate "2008.04.02"]

1. e4 e5 2. Nf3 Nc6 3. Bb5 a6 4. Ba4 Nf6 5. O-O Nxe4 6. d4 b5 7. Bb3 d5 8. dxe5
Be6 9. Nbd2 Nc5 10. c3 Bg4 11. Bc2 Ne6 12. Re1 Bc5 13. Nf1 Bh5 14. Ng3 Bg6 15.
Nf5 Ne7 16. N5d4 Bxd4 17. cxd4 Bh5 18. a4 Bxf3 19. gxf3 Ng6 20. axb5 axb5 21.
Rxa8 Qxa8 22. Be3 Qa5 23. Kh1 Qb4 24. Rg1 O-O 25. f4 Ngxf4 26. Qg4 Ng6 27. Bf5
Qe7 28. f4 c5 29. dxc5 d4 30. Bd2 Qb7+ 31. Qg2 Qxg2+ 32. Rxg2 Nh4 33. Bxe6 Nxg2
34. Bd7 Ne3 35. c6 Ra8 36. Kg1 Nd5 37. Kf2 Ra2 38. Ke2 Rxb2 39. Kd3 Rxd2+ 40.
Kxd2 Kf8 1-0